000 00354pab a2200157 454500
008 180718b2006 xxu||||| |||| 00| 0 eng d
100 _aPallavi, Aparna
245 _aAre trade unions anti-women?
260 _c2006
300 _ap.21-22.
362 _aJun
650 _aWomen
650 _aTrade unions
773 _aSocial Welfare
909 _a69887
999 _c69887
_d69887